Catálogo de las rocas metamórficas de la provincia de Barcelona que forman parte de la colección de rocas del Museo de Geología de Barcelona / por el Dr. Maximino San Miguel de la Cámara
Descripción Física:
40 p., 4 map. pleg. ; 22 cm
MARC
| LEADER | 00000nam a2200000Ia 4500 | ||
|---|---|---|---|
| 001 | 907 | ||
| 003 | BGR | ||
| 005 | 20260410113642.0 | ||
| 008 | 160829s1930 xx 000 0 cat d | ||
| 080 | |a RF-5-54 | ||
| 100 | |a San Miguel de la Cámara, Maximino |9 30259 | ||
| 245 | |a Catálogo de las rocas metamórficas de la provincia de Barcelona que forman parte de la colección de rocas del Museo de Geología de Barcelona / por el Dr. Maximino San Miguel de la Cámara | ||
| 260 | |a Barcelona : |b Diputación, Instituto Geológico - Topográfico, |c 1930 | ||
| 300 | |a 40 p., 4 map. pleg. ; |c 22 cm | ||
| 650 | |a Museu de Geologia de Barcelona |x Catàlegs |9 37104 | ||
| 650 | |a Roques metamòrfiques |x Barcelona (Província) |x Catàlegs |9 30261 | ||
| 710 | 2 | |a Instituto Geológico-Topográfico (Barcelona) |9 71187 | |
| 856 | 4 | |u https://media.diba.cat/diba/fitxers/arxiu/fulletons/bib_907_1930_baixa.pdf |y Accés lliure | |
| 856 | 4 | |u https://media.diba.cat/diba/fitxers/arxiu/fulletons/bib_907_1930_baixa.pdf |y Accés lliure | |
| 900 | |a bib_907_1930_baixa.pdf | ||
| 901 | |a Arxiu | ||
| 942 | |n 1 |2 udc |c MON | ||
| 952 | |0 0 |1 0 |4 0 |6 RF554 |7 1 |9 45352 |a Arxiu |b Arxiu |d 2016-12-01 |l 0 |o RF-5-54 |p 907 |r 2016-12-01 00:00:00 |w 2016-12-01 |y ARXIU | ||
| 999 | |c 48426 |d 48426 | ||